000 nam a22 7a 4500
999 _c8897
_d8897
008 180120b ||||| |||| 00| 0 eng d
100 _95212
_aLEE.M ET AL
245 _aCOLLABRATION IN LEARNING
260 _aAUSTALIA
_bACER
_c2013